[Event "RA Winter op"]
[Site "Ottawa CAN"]
[Date "2017.01.14"]
[Round "4"]
[White "Sadeghi, Saeid"]
[Black "Gordon, David"]
[Result "1/2-1/2"]
[WhiteElo "2098"]
[BlackElo "2237"]
[WhiteFideId "-1"]
[WhiteFideId "-1"]
[PlyCount "84"]
[GameId "2160767908478948"]
[EventDate "2017.01.13"]
[EventType "swiss"]
[EventRounds "5"]
[EventCountry "CAN"]

1. d4 Nf6 2. c4 c5 3. d5 e6 4. Nc3 exd5 5. cxd5 d6 6. Nf3 g6 7. Bf4 a6 8. a4 Nh5 9. Bg5 f6 10. Bc1 Bg7 11. h3 f5 12. Bg5 Nf6 13. e3 O-O 14. Bd3 Nbd7 15. O-O Rb8 16. e4 fxe4 17. Nxe4 h6 18. Bh4 g5 19. Bg3 Nxe4 20. Bxe4 Nf6 21. Bc2 Nh5 22. Rb1 Nxg3 23. fxg3 b5 24. g4 c4 25. axb5 Rxb5 26. b3 cxb3 27. Rxb3 Rxb3 28. Bxb3 Bd7 29. Bc2 Bb5 30. Re1 Re8 31. Re6 Rxe6 32. dxe6 Qb6+ 33. Kh1 Qc5 34. Bb3 Kf8 35. Qb1 Be8 36. Qf1 Ke7 37. Qxa6 Qc1+ 38. Kh2 Be5+ 39. Nxe5 Qf4+ 40. Kh1 Qc1+ 41. Kh2 Qf4+ 42. Kh1 Qc1+ 1/2-1/2

[Event "RA Winter op"]
[Site "Ottawa CAN"]
[Date "2017.01.14"]
[Round "4"]
[White "Valdizon, Armando"]
[Black "Kellar, Ben"]
[Result "1-0"]
[WhiteElo "2102"]
[BlackElo "2115"]
[WhiteFideId "-1"]
[WhiteFideId "-1"]
[PlyCount "51"]
[GameId "2160767908478949"]
[EventDate "2017.01.13"]
[EventType "swiss"]
[EventRounds "5"]
[EventCountry "CAN"]

1. d4 d5 2. c4 c6 3. Nf3 Nf6 4. g3 e6 5. Bg2 Be7 6. O-O O-O 7. Nbd2 b6 8. Qc2 Bb7 9. e4 dxe4 10. Nxe4 Nbd7 11. Rd1 Nxe4 12. Qxe4 Nf6 13. Qe2 Qc8 14. Bf4 Rd8 15. Rac1 Bd6 16. Bg5 c5 17. Bxf6 gxf6 18. d5 exd5 19. cxd5 Ba6 20. Qc2 Qg4 21. Nh4 Re8 22. Bf3 Qg5 23. Nf5 Red8 24. h4 Qg6 25. Be4 Qh5 26. f3 1-0

[Event "RA Winter op"]
[Site "Ottawa CAN"]
[Date "2017.01.15"]
[Round "5"]
[White "Demchenko, Svitlana"]
[Black "Gordon, David"]
[Result "1/2-1/2"]
[WhiteElo "2003"]
[BlackElo "2237"]
[WhiteFideId "-1"]
[WhiteFideId "-1"]
[PlyCount "66"]
[GameId "2160767908478950"]
[EventDate "2017.01.13"]
[EventType "swiss"]
[EventRounds "5"]
[EventCountry "CAN"]

1. d4 Nf6 2. Nf3 c5 3. d5 e6 4. c4 exd5 5. cxd5 d6 6. Nc3 Nbd7 7. e4 g6 8. Bd3 a6 9. a4 Bg7 10. Bf4 Qe7 11. O-O O-O 12. h3 Rb8 13. a5 Ne8 14. Qb3 b5 15. axb6 Rxb6 16. Qc2 Ne5 17. Bxe5 Bxe5 18. Nxe5 Qxe5 19. Ra2 Nc7 20. Nd1 Nb5 21. Ne3 Nd4 22. Qd1 Qg5 23. Kh2 Rb3 24. f4 Qh4 25. Qd2 Re8 26. Nc4 Bxh3 27. gxh3 Rxe4 28. Bxe4 Rxh3+ 29. Kg1 Qg3+ 30. Bg2 Qh2+ 31. Kf2 Qg3+ 32. Kg1 Qh2+ 33. Kf2 Qg3+ 1/2-1/2

[Event "RA Winter op U1900"]
[Site "Ottawa CAN"]
[Date "2017.01.13"]
[Round "1"]
[White "Laurin, Marcel"]
[Black "Wang, Emil"]
[Result "1-0"]
[WhiteElo "1739"]
[BlackElo "994"]
[WhiteFideId "-1"]
[WhiteFideId "-1"]
[PlyCount "85"]
[GameId "2160767908478951"]
[EventDate "2017.01.13"]
[EventType "swiss"]
[EventRounds "5"]
[EventCountry "CAN"]

1. d4 d5 2. c4 c6 3. cxd5 cxd5 4. Nc3 Nf6 5. Nf3 Nc6 6. Bf4 g6 7. e3 Bg7 8. a3 Qb6 9. b4 O-O 10. Nb5 Bf5 11. Bc7 Qa6 12. Nc3 b5 13. Bxb5 Qb7 14. Bg3 Ne4 15. Bxc6 Qxc6 16. Nxe4 Bxe4 17. O-O Qc2 18. Qxc2 Bxc2 19. Rfc1 Be4 20. Rc7 e6 21. Ne5 Bxe5 22. Bxe5 Rfc8 23. Rac1 Rxc7 24. Rxc7 Kf8 25. f3 Bd3 26. Bd6+ Kg8 27. Be5 Kf8 28. h4 a5 29. Kf2 axb4 30. Bd6+ Kg8 31. Bxb4 h5 32. g4 Bb5 33. Kg3 Rd8 34. Kf4 Rd7 35. Rc5 Ba4 36. g5 Kg7 37. Ke5 Bb3 38. Rc8 Bd1 39. f4 Ba4 40. Bf8+ Kg8 41. Kf6 Rb7 42. Bg7+ Kh7 43. Rh8# 1-0

[Event "RA Winter op U1900"]
[Site "Ottawa CAN"]
[Date "2017.01.14"]
[Round "2"]
[White "Laurin, Marcel"]
[Black "Kearnan, Daniel"]
[Result "1/2-1/2"]
[WhiteElo "1739"]
[BlackElo "1878"]
[WhiteFideId "-1"]
[WhiteFideId "-1"]
[PlyCount "83"]
[GameId "2160767908478952"]
[EventDate "2017.01.13"]
[EventType "swiss"]
[EventRounds "5"]
[EventCountry "CAN"]

1. d4 Nf6 2. Bf4 e6 3. Nf3 d5 4. h3 c5 5. e3 Nc6 6. Bb5 Qa5+ 7. Nc3 Ne4 8. Bxc6+ bxc6 9. O-O Nxc3 10. bxc3 Ba6 11. Re1 Qxc3 12. dxc5 Qxc5 13. Be5 f6 14. Bd4 Qa5 15. e4 Bb4 16. c3 Be7 17. exd5 Qxd5 18. Qb3 Kf7 19. Nd2 Qxb3 20. axb3 Bd3 21. Rxa7 Rxa7 22. Bxa7 c5 23. Re3 Bc2 24. c4 Rd8 25. Ne4 Bxe4 26. Rxe4 Rd3 27. Re3 Rxe3 28. fxe3 Bd6 29. Bb6 Ke7 30. Kf2 Kd7 31. Ke2 Kc6 32. Ba5 h5 33. Kd3 f5 34. Bc3 g5 35. e4 Bf4 36. b4 cxb4 37. Bxb4 g4 38. Kd4 Bh2 39. exf5 exf5 40. Be7 f4 41. hxg4 hxg4 42. Ke4 1/2-1/2

[Event "RA Winter op U1900"]
[Site "Ottawa CAN"]
[Date "2017.01.14"]
[Round "3"]
[White "Dumoulin, Sylvain"]
[Black "Laurin, Marcel"]
[Result "1-0"]
[WhiteElo "1786"]
[BlackElo "1739"]
[WhiteFideId "-1"]
[WhiteFideId "-1"]
[PlyCount "65"]
[GameId "2160767908478953"]
[EventDate "2017.01.13"]
[EventType "swiss"]
[EventRounds "5"]
[EventCountry "CAN"]

1. Nc3 e5 2. Nf3 Nc6 3. d4 exd4 4. Nxd4 Nxd4 5. Qxd4 Nf6 6. Bg5 Be7 7. O-O-O O-O 8. g3 c6 9. Bg2 d5 10. e4 c5 11. Qe5 Bd6 12. Bxf6 Bxe5 13. Bxd8 d4 14. Be7 dxc3 15. Bxf8 cxb2+ 16. Kb1 Kxf8 17. f4 Bd4 18. Rd3 Be6 19. c3 Bc4 20. Rxd4 cxd4 21. cxd4 Rc8 22. Kxb2 Bxa2 23. Ra1 Bc4 24. Rxa7 Bd3 25. Kb3 Rc2 26. Ra2 Rc7 27. Ra8+ Ke7 28. e5 b5 29. d5 Rc4 30. d6+ Ke6 31. Bh3+ Kd5 32. d7 Bc2+ 33. Kb2 1-0

[Event "Reidstra mem. U2000"]
[Site "Kitchener CAN"]
[Date "2017.03.11"]
[Round "1"]
[White "Baki, Shaumik"]
[Black "Shah, Omar"]
[Result "1-0"]
[WhiteElo "1606"]
[BlackElo "1821"]
[WhiteFideId "-1"]
[WhiteFideId "-1"]
[PlyCount "76"]
[GameId "2160767908478164"]
[EventDate "2017.03.11"]
[EventType "swiss"]
[EventRounds "5"]
[EventCountry "CAN"]
[SourceTitle "hb 2019"]

1. e4 c5 2. Nf3 d6 3. d4 cxd4 4. Nxd4 Nf6 5. Nc3 a6 6. Bg5 e6 7. f4 Nbd7 8. Qf3 Qc7 9. Be2 b5 10. a3 Bb7 11. Bd3 Rc8 12. Qe2 Be7 13. O-O-O O-O 14. Kb1 Rfe8 15. Rhe1 Qb6 16. e5 Rxc3 17. exf6 Nxf6 18. Nf5 b4 19. Nxe7+ Rxe7 20. Bxf6 gxf6 21. Qg4+ Kf8 22. Bxh7 Re8 23. f5 e5 24. bxc3 e4 25. cxb4 a5 26. c3 axb4 27. cxb4 Re5 28. Ka2 Qc6 29. Qe2 Kg7 30. Kb2 Ba6 31. Qc2 Qxc2+ 32. Kxc2 Bd3+ 33. Kc3 Rd5 34. Re3 Kxh7 35. Rexd3 exd3 36. Rxd3 Rxf5 37. Rxd6 Rf2 38. Rd2 Rf4 1-0

[Event "Reidstra mem. U2000"]
[Site "Kitchener CAN"]
[Date "2017.03.11"]
[Round "2"]
[White "Shah, Omar"]
[Black "Kiss, Istvan"]
[Result "1-0"]
[WhiteElo "1821"]
[BlackElo "1724"]
[WhiteFideId "-1"]
[WhiteFideId "-1"]
[PlyCount "101"]
[GameId "2160767908478165"]
[EventDate "2017.03.11"]
[EventType "swiss"]
[EventRounds "5"]
[EventCountry "CAN"]
[SourceTitle "hb 2019"]

1. e4 e5 2. Nf3 d6 3. d4 Nd7 4. Be3 Be7 5. Bc4 c6 6. Nc3 Ngf6 7. Bb3 O-O 8. h3 b5 9. a3 Bb7 10. Qd2 Qc7 11. O-O a5 12. Ng5 h6 13. f4 exd4 14. Bxd4 a4 15. Ba2 Nc5 16. e5 Nd5 17. Nge4 Nxe4 18. Nxe4 dxe5 19. fxe5 c5 20. Nf6+ Bxf6 21. exf6 cxd4 22. fxg7 Kxg7 23. Qxd4+ f6 24. Bxd5 Rad8 25. Qg4+ Kh8 26. Bxb7 Qxb7 27. Qg6 Qg7 28. Qf5 Rd2 29. Rf2 Rxf2 30. Qxf2 Rd8 31. Rf1 Rf8 32. Qf5 Qa7+ 33. Rf2 Kg7 34. Qg4+ Kh7 35. Qf5+ Kg7 36. Qxb5 Rd8 37. Qe2 Rd7 38. Qf3 Qd4 39. c3 Qh4 40. Kh2 Rd3 41. Qxd3 Qxf2 42. Qg3+ Qxg3+ 43. Kxg3 Kg6 44. Kg4 f5+ 45. Kf4 Kh5 46. Kxf5 Kh4 47. c4 h5 48. c5 Kg3 49. c6 h4 50. c7 Kh2 51. c8=Q 1-0

[Event "Reidstra mem. U2000"]
[Site "Kitchener CAN"]
[Date "2017.03.11"]
[Round "3"]
[White "Shah, Omar"]
[Black "Liao, Joseph"]
[Result "1-0"]
[WhiteElo "1821"]
[BlackElo "1701"]
[WhiteFideId "-1"]
[WhiteFideId "-1"]
[PlyCount "87"]
[GameId "2160767908478166"]
[EventDate "2017.03.11"]
[EventType "swiss"]
[EventRounds "5"]
[EventCountry "CAN"]
[SourceTitle "hb 2019"]

1. e4 e6 2. Nf3 d5 3. e5 c5 4. b4 b6 5. Bb2 Nc6 6. a3 Bd7 7. c3 Nge7 8. d4 Nf5 9. Bd3 Be7 10. O-O O-O 11. Nbd2 a6 12. Qe2 cxd4 13. cxd4 b5 14. Nb3 f6 15. Rfc1 Rc8 16. Nc5 fxe5 17. dxe5 Bxc5 18. Rxc5 Be8 19. Rac1 Qd7 20. Qc2 Nfe7 21. Bxh7+ Kh8 22. Bd3 Bh5 23. Nh4 Rf4 24. g3 Rff8 25. f4 Bg4 26. h3 Bh5 27. Be2 Bxe2 28. Qxe2 g6 29. Qc2 Kg7 30. Nxg6 Nxg6 31. Rxc6 Ne7 32. Rc7 Rxc7 33. Qxc7 Qxc7 34. Rxc7 Kf7 35. Bd4 Rc8 36. Rxc8 Nxc8 37. Bc5 Ne7 38. Bxe7 Kxe7 39. Kf2 Kf7 40. Ke3 Kg6 41. g4 Kh6 42. h4 Kg6 43. Kd4 Kf7 44. f5 1-0

[Event "Reidstra mem. U2000"]
[Site "Kitchener CAN"]
[Date "2017.03.12"]
[Round "4"]
[White "Ranola, Alberto"]
[Black "Shah, Omar"]
[Result "1-0"]
[WhiteElo "1905"]
[BlackElo "1821"]
[WhiteFideId "-1"]
[WhiteFideId "-1"]
[PlyCount "141"]
[GameId "2160767908478167"]
[EventDate "2017.03.11"]
[EventType "swiss"]
[EventRounds "5"]
[EventCountry "CAN"]
[SourceTitle "hb 2019"]

1. Nf3 Nf6 2. c4 c5 3. g3 b6 4. Bg2 Bb7 5. O-O e6 6. Nc3 a6 7. e3 d6 8. d4 Nbd7 9. b3 Ne4 10. Bb2 Nxc3 11. Bxc3 Nf6 12. Qe2 Be7 13. Rfd1 Qc7 14. Rac1 O-O 15. dxc5 dxc5 16. Qb2 Rfd8 17. Be5 Qc8 18. h3 Bc6 19. Qe2 Qb7 20. Ne1 Bxg2 21. Nxg2 Rxd1+ 22. Rxd1 Rd8 23. Bxf6 Rxd1+ 24. Qxd1 Bxf6 25. Nf4 g6 26. h4 h5 27. Qd6 Be7 28. Qe5 Qc6 29. Nh3 Qd6 30. Qe4 b5 31. Nf4 Kg7 32. Kg2 b4 33. Nd3 Bf6 34. Kf3 Qc7 35. Ke2 Qa5 36. Kf3 Qc7 37. Qa8 Qd6 38. Ke2 Be7 39. Qa7 Kf8 40. Qa8+ Kg7 41. Qc8 Qb6 42. Qd7 Qd6 43. Qxd6 Bxd6 44. e4 f6 45. Kf3 Be7 46. Ke3 g5 47. hxg5 fxg5 48. f3 Kf6 49. Nf2 Kg6 50. f4 h4 51. gxh4 gxh4 52. Kf3 Kh5 53. Nd3 Bd6 54. Nf2 Be7 55. e5 Bf8 56. Ne4 Be7 57. Nd6 h3 58. f5 Kg5 59. fxe6 h2 60. Kg2 Kf4 61. Nc8 Kxe5 62. Nxe7 Kxe6 63. Nd5 Ke5 64. Nb6 Kd4 65. Na4 a5 66. Kxh2 Kd3 67. Nxc5+ Kc2 68. Nb7 a4 69. bxa4 Kb2 70. a5 Kxa2 71. Nc5 1-0

[Event "Rosenbloom mem."]
[Site "Winnipeg CAN"]
[Date "2017.11.07"]
[Round "1"]
[White "Czarny, Keith"]
[Black "Abusaleh, Yazan"]
[Result "1-0"]
[WhiteElo "1688"]
[BlackElo "1274"]
[WhiteFideId "-1"]
[WhiteFideId "-1"]
[PlyCount "71"]
[GameId "2160767908309088"]
[EventDate "2017.11.07"]
[EventType "swiss"]
[EventRounds "7"]
[EventCountry "CAN"]
[SourceTitle "EXT 2022"]
[Source "ChessBase"]
[SourceDate "2021.10.06"]
[SourceVersion "1"]
[SourceVersionDate "2021.10.06"]
[SourceQuality "1"]

1. Nf3 c6 2. d4 d5 3. Nc3 Bg4 4. Ne5 Bf5 5. g3 Nd7 6. Bg2 Nxe5 7. dxe5 e6 8. O-O Ne7 9. Re1 Ng6 10. f4 Bc5+ 11. Kh1 O-O 12. e3 d4 13. Na4 dxe3 14. Qxd8 Raxd8 15. Nxc5 e2 16. Nxb7 Rd1 17. Be3 Rxa1 18. Rxa1 Bxc2 19. Re1 Bd3 20. a3 Ne7 21. Nc5 Bb5 22. a4 Bc4 23. b3 Nf5 24. Bf2 Rd8 25. bxc4 Rd1 26. Ne4 Ne3 27. Nc3 Rxe1+ 28. Bxe1 Nxc4 29. Nxe2 c5 30. Bf2 Na5 31. Bxc5 a6 32. Nd4 f6 33. Nxe6 fxe5 34. Bd5 exf4 35. Nxf4+ Kh8 36. Bb4 1-0

[Event "Rosenbloom mem."]
[Site "Winnipeg CAN"]
[Date "2017.11.07"]
[Round "1"]
[White "Czypinski, Jaroslaw"]
[Black "Piche, Zachary"]
[Result "1-0"]
[WhiteElo "1933"]
[BlackElo "1344"]
[WhiteFideId "-1"]
[WhiteFideId "-1"]
[PlyCount "59"]
[GameId "2160767908309089"]
[EventDate "2017.11.07"]
[EventType "swiss"]
[EventRounds "7"]
[EventCountry "CAN"]
[SourceTitle "EXT 2022"]
[Source "ChessBase"]
[SourceDate "2021.10.06"]
[SourceVersion "1"]
[SourceVersionDate "2021.10.06"]
[SourceQuality "1"]

1. e4 c5 2. d4 cxd4 3. c3 Nf6 4. e5 Nd5 5. Nf3 Nc6 6. Bc4 Qa5 7. O-O Nb6 8. b4 Qa4 9. Bb3 Qb5 10. a4 Qa6 11. b5 Qa5 12. bxc6 bxc6 13. cxd4 e6 14. Ba3 Bxa3 15. Nxa3 O-O 16. Nc4 Nxc4 17. Bxc4 Ba6 18. Qd2 Qxd2 19. Nxd2 Bb7 20. Ne4 d5 21. Nd6 dxc4 22. Nxb7 f6 23. f4 c5 24. Nxc5 fxe5 25. Nxe6 Rfc8 26. fxe5 c3 27. d5 Rab8 28. Rac1 Rb7 29. Rxc3 Rxc3 30. Rf8# 1-0

[Event "Rosenbloom mem."]
[Site "Winnipeg CAN"]
[Date "2017.11.07"]
[Round "1"]
[White "Furda, Evheniya Diana"]
[Black "Boron, Anthony"]
[Result "0-1"]
[WhiteElo "1597"]
[BlackElo "2074"]
[WhiteFideId "-1"]
[WhiteFideId "-1"]
[PlyCount "98"]
[GameId "2160767908309090"]
[EventDate "2017.11.07"]
[EventType "swiss"]
[EventRounds "7"]
[EventCountry "CAN"]
[SourceTitle "EXT 2022"]
[Source "ChessBase"]
[SourceDate "2021.10.06"]
[SourceVersion "1"]
[SourceVersionDate "2021.10.06"]
[SourceQuality "1"]

1. e4 c6 2. d4 d5 3. Nc3 dxe4 4. Nxe4 Bf5 5. Ng3 Bg6 6. h3 e6 7. h4 h6 8. h5 Bh7 9. Nf3 Bd6 10. Ne5 Bxe5 11. dxe5 Qa5+ 12. Bd2 Qxe5+ 13. Be2 Nf6 14. Bc3 Qf4 15. Bd3 Bxd3 16. Qxd3 Nbd7 17. Qd4 Qxd4 18. Bxd4 c5 19. Bc3 Rd8 20. O-O-O O-O 21. Rd2 Nd5 22. Rhd1 Rc8 23. Ne4 Nxc3 24. Nxc3 Nf6 25. Rh1 Rfd8 26. Re2 Rd7 27. Ne4 Nxe4 28. Rxe4 Rd5 29. Ree1 Rcd8 30. Rd1 Kf8 31. b3 Ke7 32. c4 Rf5 33. Rxd8 Kxd8 34. f3 Re5 35. Kd2 Rg5 36. Rh2 Ke7 37. g4 f5 38. gxf5 Rxf5 39. Ke3 Kf6 40. Rh4 Re5+ 41. Re4 Rxh5 42. Rf4+ Rf5 43. Rxf5+ Kxf5 44. Kf2 Kf4 45. a3 a5 46. a4 h5 47. Kg2 g5 48. Kf2 e5 49. Kg2 h4 0-1

[Event "Rosenbloom mem."]
[Site "Winnipeg CAN"]
[Date "2017.11.07"]
[Round "1"]
[White "Gannon, Keith"]
[Black "Bince, Rolando"]
[Result "0-1"]
[WhiteElo "1462"]
[BlackElo "1992"]
[WhiteFideId "-1"]
[WhiteFideId "-1"]
[PlyCount "44"]
[GameId "2160767908309092"]
[EventDate "2017.11.07"]
[EventType "swiss"]
[EventRounds "7"]
[EventCountry "CAN"]
[SourceTitle "EXT 2022"]
[Source "ChessBase"]
[SourceDate "2021.10.06"]
[SourceVersion "1"]
[SourceVersionDate "2021.10.06"]
[SourceQuality "1"]

1. e4 c6 2. c4 e6 3. d4 Bb4+ 4. Bd2 Be7 5. Nf3 Nf6 6. Bd3 d5 7. e5 Ne4 8. O-O f5 9. c5 O-O 10. b4 b6 11. a4 Nd7 12. Nc3 a5 13. bxa5 bxc5 14. dxc5 Ndxc5 15. Bxe4 dxe4 16. Ne1 Ba6 17. Ne2 Rb8 18. Nc2 Nb3 19. Nf4 Qc8 20. Rb1 Bxf1 21. Kxf1 Nxd2+ 22. Qxd2 Rxb1+ 0-1

[Event "Rosenbloom mem."]
[Site "Winnipeg CAN"]
[Date "2017.11.07"]
[Round "1"]
[White "Gerona, Joshua"]
[Black "Trueman, Francis"]
[Result "1-0"]
[WhiteElo "1995"]
[BlackElo "1498"]
[WhiteFideId "-1"]
[WhiteFideId "-1"]
[PlyCount "44"]
[GameId "2160767908309093"]
[EventDate "2017.11.07"]
[EventType "swiss"]
[EventRounds "7"]
[EventCountry "CAN"]
[SourceTitle "EXT 2022"]
[Source "ChessBase"]
[SourceDate "2021.10.06"]
[SourceVersion "1"]
[SourceVersionDate "2021.10.06"]
[SourceQuality "1"]

1. e4 d6 2. d4 Nd7 3. Nf3 e5 4. dxe5 dxe5 5. Bc4 h6 6. O-O Ngf6 7. Qe2 c6 8. Rd1 g6 9. Nxe5 Rh7 10. Bf4 Qe7 11. Nxd7 Nxd7 12. Bd6 Qd8 13. Bxf8 Kxf8 14. Nd2 Qf6 15. c3 Ne5 16. Bb3 g5 17. Nc4 g4 18. Nxe5 Qxe5 19. Rd8+ Ke7 20. Rad1 Rh8 21. Rxh8 Qxh8 22. Qd2 Qe5 1-0

[Event "Rosenbloom mem."]
[Site "Winnipeg CAN"]
[Date "2017.11.07"]
[Round "1"]
[White "Kernetsky, Myron"]
[Black "Reimer, Bruce"]
[Result "1-0"]
[WhiteElo "2085"]
[BlackElo "1607"]
[WhiteFideId "-1"]
[WhiteFideId "-1"]
[PlyCount "47"]
[GameId "2160767908309094"]
[EventDate "2017.11.07"]
[EventType "swiss"]
[EventRounds "7"]
[EventCountry "CAN"]
[SourceTitle "EXT 2022"]
[Source "ChessBase"]
[SourceDate "2021.10.06"]
[SourceVersion "1"]
[SourceVersionDate "2021.10.06"]
[SourceQuality "1"]

1. d4 d6 2. Nf3 g6 3. Bf4 Bg7 4. e3 Nf6 5. h3 O-O 6. c4 Nbd7 7. Be2 Re8 8. O-O e5 9. dxe5 dxe5 10. Nxe5 Nxe5 11. Qxd8 Rxd8 12. Bxe5 c6 13. Nc3 b6 14. Rfd1 Bb7 15. Bf3 Rd7 16. Rxd7 Nxd7 17. Bxg7 Kxg7 18. Rd1 Ne5 19. Be2 c5 20. Nb5 Nc6 21. Nd6 Na5 22. Nxb7 Nxb7 23. Bf3 Rb8 24. Rd7 1-0

[Event "Rosenbloom mem."]
[Site "Winnipeg CAN"]
[Date "2017.11.07"]
[Round "1"]
[White "Magyar, Peter"]
[Black "Rutter, Blair"]
[Result "0-1"]
[WhiteElo "1506"]
[BlackElo "2015"]
[WhiteFideId "-1"]
[WhiteFideId "-1"]
[PlyCount "74"]
[GameId "2160767908309095"]
[EventDate "2017.11.07"]
[EventType "swiss"]
[EventRounds "7"]
[EventCountry "CAN"]
[SourceTitle "EXT 2022"]
[Source "ChessBase"]
[SourceDate "2021.10.06"]
[SourceVersion "1"]
[SourceVersionDate "2021.10.06"]
[SourceQuality "1"]

1. e4 e6 2. d4 d5 3. Nd2 c5 4. c3 Nc6 5. Ngf3 Bd7 6. Bd3 Qb6 7. Nb3 c4 8. exd5 exd5 9. Qe2+ Be7 10. Nc5 cxd3 11. Qxd3 Bxc5 12. dxc5 Qxc5 13. O-O Nge7 14. Ng5 Ne5 15. Qe2 N5g6 16. Qf3 O-O 17. Qh5 h6 18. Nh3 Qc4 19. g3 Bg4 20. b3 Qxf1+ 21. Kxf1 Bxh5 22. Be3 Nc6 23. a4 a5 24. Kg2 Bg4 25. Ng1 Rfe8 26. h3 Bf5 27. Bc5 Bc2 28. b4 axb4 29. cxb4 Rxa4 30. Rc1 Be4+ 31. f3 Ra2+ 32. Kh1 Bd3 33. Rd1 Bc4 34. h4 h5 35. Nh3 Ree2 36. Nf2 Nge5 37. Kg2 Nd3 0-1

[Event "Rosenbloom mem."]
[Site "Winnipeg CAN"]
[Date "2017.11.07"]
[Round "1"]
[White "Remillard, John"]
[Black "Swift, Ryne"]
[Result "0-1"]
[WhiteElo "1619"]
[BlackElo "2092"]
[WhiteFideId "-1"]
[WhiteFideId "-1"]
[PlyCount "92"]
[GameId "2160767908309096"]
[EventDate "2017.11.07"]
[EventType "swiss"]
[EventRounds "7"]
[EventCountry "CAN"]
[SourceTitle "EXT 2022"]
[Source "ChessBase"]
[SourceDate "2021.10.06"]
[SourceVersion "1"]
[SourceVersionDate "2021.10.06"]
[SourceQuality "1"]

1. c4 Nf6 2. Nc3 g6 3. d4 Bg7 4. e4 d6 5. Nf3 O-O 6. Be2 e5 7. dxe5 dxe5 8. O-O Nc6 9. Bg5 Qxd1 10. Rfxd1 Bg4 11. Bxf6 Bxf6 12. Nd5 Bd8 13. Kf1 a5 14. h3 Bxf3 15. Bxf3 Nd4 16. Be2 c6 17. Nc3 Be7 18. Na4 h5 19. Rac1 Rad8 20. c5 Bg5 21. Rc3 Nxe2 22. Rxd8 Rxd8 23. Kxe2 Rd4 24. Nb6 Rxe4+ 25. Kf3 Rd4 26. Nc4 Bd2 27. Rc2 Bb4 28. Nxe5 Rd5 29. Ke4 Bxc5 30. f4 Bd6 31. Nc4 Bc7 32. g4 hxg4 33. hxg4 f5+ 34. gxf5 gxf5+ 35. Ke3 Kf7 36. Rd2 Ke6 37. Re2 Kd7 38. b3 b5 39. Nb2 Bb6+ 40. Kf3 Bd4 41. Nd3 Bc3 42. Ne5+ Bxe5 43. fxe5 Ke6 44. Kf4 Rd4+ 45. Kf3 Rd3+ 46. Kf4 b4 0-1

[Event "Rosenbloom mem."]
[Site "Winnipeg CAN"]
[Date "2017.11.07"]
[Round "1"]
[White "Wiebe, Isaac"]
[Black "Letain, Cory"]
[Result "1-0"]
[WhiteElo "2261"]
[BlackElo "1686"]
[WhiteFideId "-1"]
[WhiteFideId "-1"]
[PlyCount "48"]
[GameId "2160767908309097"]
[EventDate "2017.11.07"]
[EventType "swiss"]
[EventRounds "7"]
[EventCountry "CAN"]
[SourceTitle "EXT 2022"]
[Source "ChessBase"]
[SourceDate "2021.10.06"]
[SourceVersion "1"]
[SourceVersionDate "2021.10.06"]
[SourceQuality "1"]

1. e4 e5 2. f4 d5 3. exd5 e4 4. Nc3 Nf6 5. d3 Bb4 6. dxe4 Nxe4 7. Qd4 Qh4+ 8. g3 Nxg3 9. Qe3+ Ne4+ 10. Ke2 Bg4+ 11. Kd3 f5 12. Nxe4 fxe4+ 13. Qxe4+ Be7 14. Be2 Na6 15. Be3 Bxe2+ 16. Kxe2 O-O 17. Nf3 Qf6 18. Ng5 Qf5 19. Qxe7 Rae8 20. Qa3 Qxf4 21. Raf1 Qg4+ 22. Ke1 Nb4 23. Rxf8+ Rxf8 24. Qb3 Qf5 1-0

[Event "Rosenbloom mem."]
[Site "Winnipeg CAN"]
[Date "2017.11.07"]
[Round "1"]
[White "Wirtzfeld, Ryan"]
[Black "Green, Jim"]
[Result "0-1"]
[WhiteElo "1334"]
[BlackElo "1871"]
[WhiteFideId "-1"]
[WhiteFideId "-1"]
[PlyCount "30"]
[GameId "2160767908309098"]
[EventDate "2017.11.07"]
[EventType "swiss"]
[EventRounds "7"]
[EventCountry "CAN"]
[SourceTitle "EXT 2022"]
[Source "ChessBase"]
[SourceDate "2021.10.06"]
[SourceVersion "1"]
[SourceVersionDate "2021.10.06"]
[SourceQuality "1"]

1. d4 e6 2. Nf3 d5 3. Nbd2 f5 4. c4 c6 5. Ne5 Bd6 6. Ndf3 Nf6 7. Bg5 Qa5+ 8. Qd2 Bb4 9. c5 Ne4 10. O-O-O Bxd2+ 11. Bxd2 Qxa2 12. Bg5 Nxf2 13. e3 Qa1+ 14. Kc2 Qxd1+ 15. Kc3 Nxh1 0-1

[Event "Rosenbloom mem."]
[Site "Winnipeg CAN"]
[Date "2017.11.07"]
[Round "1"]
[White "Wolchock, Theo"]
[Black "Leaden, Bruce"]
[Result "1-0"]
[WhiteElo "2034"]
[BlackElo "1539"]
[WhiteFideId "-1"]
[WhiteFideId "-1"]
[PlyCount "51"]
[GameId "2160767908309099"]
[EventDate "2017.11.07"]
[EventType "swiss"]
[EventRounds "7"]
[EventCountry "CAN"]
[SourceTitle "EXT 2022"]
[Source "ChessBase"]
[SourceDate "2021.10.06"]
[SourceVersion "1"]
[SourceVersionDate "2021.10.06"]
[SourceQuality "1"]

1. c4 e6 2. g3 f5 3. Bg2 Nf6 4. Nc3 Be7 5. d4 O-O 6. Nf3 Ne4 7. O-O Bf6 8. e3 d6 9. Nd2 Nxc3 10. bxc3 e5 11. Qb3 c6 12. Ba3 Qc7 13. Rab1 Kh8 14. c5 Be7 15. cxd6 Bxd6 16. Bxd6 Qxd6 17. Nc4 Qe6 18. Nxe5 Qxb3 19. Rxb3 Na6 20. Rd1 Rb8 21. c4 Be6 22. Rdb1 c5 23. Rxb7 Rxb7 24. Rxb7 cxd4 25. exd4 Rc8 26. Rxa7 1-0

[Event "Rosenbloom mem."]
[Site "Winnipeg CAN"]
[Date "2017.11.??"]
[Round "2"]
[White "Baron, Gustav"]
[Black "Czarny, Keith"]
[Result "1-0"]
[WhiteElo "2143"]
[BlackElo "1688"]
[WhiteFideId "-1"]
[WhiteFideId "-1"]
[PlyCount "25"]
[GameId "2160767908309100"]
[EventDate "2017.11.07"]
[EventType "swiss"]
[EventRounds "7"]
[EventCountry "CAN"]
[SourceTitle "EXT 2022"]
[Source "ChessBase"]
[SourceDate "2021.10.06"]
[SourceVersion "1"]
[SourceVersionDate "2021.10.06"]
[SourceQuality "1"]

1. d4 b6 2. e4 Bb7 3. Nc3 e6 4. Be3 Bb4 5. f3 Ne7 6. Qd2 O-O 7. Bd3 c5 8. Nge2 cxd4 9. Nxd4 Nbc6 10. a3 Bc5 11. Nxc6 Bxe3 12. Nxe7+ Qxe7 13. Qxe3 1-0

[Event "Rosenbloom mem."]
[Site "Winnipeg CAN"]
[Date "2017.11.??"]
[Round "2"]
[White "Piche, Zachary"]
[Black "Furda, Evheniya Diana"]
[Result "1/2-1/2"]
[WhiteElo "1344"]
[BlackElo "1597"]
[WhiteFideId "-1"]
[WhiteFideId "-1"]
[PlyCount "54"]
[GameId "2160767908309101"]
[EventDate "2017.11.07"]
[EventType "swiss"]
[EventRounds "7"]
[EventCountry "CAN"]
[SourceTitle "EXT 2022"]
[Source "ChessBase"]
[SourceDate "2021.10.06"]
[SourceVersion "1"]
[SourceVersionDate "2021.10.06"]
[SourceQuality "1"]

1. Nf3 Nf6 2. g3 g6 3. Bg2 Bg7 4. O-O O-O 5. d4 d6 6. c4 Nbd7 7. Nc3 c5 8. dxc5 Nxc5 9. Nd4 Nfd7 10. Ne4 Nxe4 11. Bxe4 Ne5 12. Qb3 Nd7 13. Nf3 Nc5 14. Qc2 Bh3 15. Rd1 Nxe4 16. Qxe4 Qc8 17. Qxe7 Qxc4 18. Rxd6 Rfe8 19. Qxb7 Qxe2 20. Be3 Rab8 21. Qd5 Be6 22. Qc6 Qxb2 23. Rad1 Bf8 24. R1d2 Qf6 25. Bg5 Qf5 26. Bf4 Rbc8 27. Qa4 Qh5 1/2-1/2